Budovanie značky zamestnávateľa bakalárska práca

Gespeichert in:
Bibliographische Detailangaben
1. Verfasser: Tančáková, Alexandra
Körperschaft: Podnikovohospodárska fakulta EU so sídlom v Košiciach. Katedra manažmentu
Weitere Verfasser: Olexová, Cecília, 1976-
Format: Buch
Sprache:Slowakisch
Veröffentlicht: Košice 2017
Tags: Tag hinzufügen
Keine Tags, Fügen Sie das erste Tag hinzu!

MARC

LEADER 00000nbm a2200000 4500
001 0235297
005 20171113110132.5
041 0 |a slo 
044 |a SK 
245 1 0 |a Budovanie značky zamestnávateľa  |b bakalárska práca  |c Alexandra Tančáková ; školiteľ: Cecília Olexová 
264 1 |a Košice  |c 2017 
300 |a 57 s. 
100 1 |a Tančáková, Alexandra 
700 1 |a Olexová, Cecília, 1976- 
710 2 |a Podnikovohospodárska fakulta EU so sídlom v Košiciach. Katedra manažmentu